header

Ethnographies of the videogame (Record no. 215027)

MARC details
000 -LEADER
fixed length control field 01245nam a2200313 a 4500
082 04 - DEWEY DECIMAL CLASSIFICATION NUMBER
Classification number 306.4/87
100 1# - MAIN ENTRY--AUTHOR NAME
Personal name Thornham, Helen.
245 10 - TITLE STATEMENT
Title Ethnographies of the videogame
260 ## - PUBLICATION, DISTRIBUTION, ETC. (IMPRINT)
Place of publication Farnham, Surrey, England ;
-- Burlington, Vt. :
Name of publisher Ashgate,
Year of publication c2011.
300 ## - PHYSICAL DESCRIPTION
Number of Pages 207 p. :
Other physical details ill.
650 #0 - SUBJECT ADDED ENTRY--TOPICAL TERM
Topical Term Video games.
Topical Term Video games
856 40 - ELECTRONIC LOCATION AND ACCESS
Uniform Resource Identifier http://site.ebrary.com/lib/rucke/Doc?id=10470864

No items available.

© 2026 Rongo University
Contact us: librarian | system librarian | Rongo university